[Event "AUTO-MASTER-984"]
[Site "http://www.queenalice.com/game.php?id=698453"]
[Date "2009.12.15"]
[Round "1"]
[White "Catalin"]
[Black "spif"]
[Result "0-1"]
[WhiteElo "2193"]
[BlackElo "1966"]

1. e4 e6 2. d4 d5 3. Nd2 Nf6 4. e5 Nfd7 5. Bd3 c5 6. c3 Nc6 7. Ne2 cxd4 8. cxd4
f6 9. Nf4 Nxd4 10. Qh5+ Ke7 11. Ng6+ hxg6 12. Qxh8 Nxe5 13. Qh3 Nxd3+ 14. Qxd3
e5 15. Kf1 Bf5 16. Qc3 Rc8 17. Qa3+ Kf7 18. b4 Nc2 19. Qb2 Nxa1 20. Qxa1 Bxb4
21. Nf3 Rc2 22. Be3 d4 23. Qd1 dxe3 24. Qxc2 Bxc2 25. g3 Be4 26. Kg2 Bxf3+ 0-1

[Event "AUTO-MASTER-984"]
[Site "http://www.queenalice.com/game.php?id=698454"]
[Date "2009.12.15"]
[Round "1"]
[White "spif"]
[Black "cereus"]
[Result "0-1"]
[WhiteElo "2019"]
[BlackElo "2129"]

1. Nf3 Nf6 2. d4 g6 3. c4 Bg7 4. g3 d6 5. Nc3 O-O 6. Bg2 Nc6 7. O-O a6 8. d5 Na5
9. b3 c5 10. Bb2 Rb8 11. Nd2 b5 12. Rb1 Bh6 13. e3 bxc4 14. Nxc4 Nxc4 15. bxc4
Qa5 16. Qe2 Bd7 17. Ba1 Bg7 18. Ne4 Nxe4 19. Bxe4 Bxa1 20. Rxa1 Rb4 21. Rab1
Rfb8 22. Rxb4 Rxb4 23. Rb1 Bh3 24. Rxb4 cxb4 25. Bg2 Bc8 26. Be4 Qa3 27. Kg2 b3
28. axb3 Qxb3 29. Bc2 Qb2 30. Qd3 a5 31. Bd1 Bf5 32. e4 Bd7 33. Qb3 Qd4 34. Bf3
a4 35. Qb7 Kg7 36. c5 a3 37. c6 Bxc6 38. dxc6 a2 39. c7 a1=Q 40. c8=Q Qd3 0-1

[Event "AUTO-MASTER-984"]
[Site "http://www.queenalice.com/game.php?id=698455"]
[Date "2009.12.15"]
[Round "1"]
[White "cereus"]
[Black "spif"]
[Result "1-0"]
[WhiteElo "2120"]
[BlackElo "2031"]

1. d4 Nf6 2. Nf3 d5 3. c4 e6 4. Nc3 Nbd7 5. Bg5 Bb4 6. cxd5 exd5 7. e3 c5 8. Bd3
Qa5 9. Qc2 c4 10. Bf5 O-O 11. O-O Re8 12. Nd2 g6 13. Bh3 Bxc3 14. Qxc3 Qxc3 15.
bxc3 Ne4 16. Nxe4 dxe4 17. Bg4 Nb6 18. Be2 Be6 19. Rfc1 Rac8 20. Rab1 Rc7 21. f3
Bd5 22. Rb5 exf3 23. gxf3 f6 24. Bf4 Rf7 25. Kf2 g5 26. Bg3 Be6 27. h4 h6 28.
Ra5 a6 29. e4 Rfe7 30. Rb1 Nc8 31. hxg5 hxg5 32. Bf1 Rd8 33. d5 Bf7 34. Bh3 Bh5
35. Be6+ Bf7 36. Bg4 Nd6 37. Rb6 Nb5 38. Rxf6 Kg7 39. Rb6 1-0

[Event "AUTO-MASTER-995"]
[Site "http://www.queenalice.com/game.php?id=704542"]
[Date "2009.12.27"]
[Round "1"]
[White "spif"]
[Black "rubenov"]
[Result "1-0"]
[WhiteElo "1991"]
[BlackElo "1979"]

1. d4 b6 2. c4 Bb7 3. Nf3 e6 4. g3 Nf6 5. Bg2 Bb4+ 6. Bd2 Bd6 7. Nc3 a5 8. Qb3
Bb4 9. a3 Bxc3 10. Bxc3 d6 11. d5 exd5 12. cxd5 Nbd7 13. Nd2 O-O 14. O-O Nc5 15.
Qa2 Qe7 16. Rfe1 Ba6 17. b4 Nb7 18. Qb2 axb4 19. axb4 Bb5 20. Bxf6 gxf6 21. Rac1
Rac8 22. Bh3 Ra8 23. Qc2 Bxe2 24. Bf1 1-0

[Event "AUTO-MASTER-995"]
[Site "http://www.queenalice.com/game.php?id=704557"]
[Date "2009.12.27"]
[Round "1"]
[White "jartuga99"]
[Black "spif"]
[Result "1-0"]
[WhiteElo "2008"]
[BlackElo "2038"]

1. e4 e5 2. Bc4 Bc5 3. a4 d5 4. exd5 Bxf2+ 5. Kf1 Bxg1 6. Kxg1 Nf6 7. h3 Nxd5 8.
Kh2 O-O 9. Rf1 Be6 10. d3 Nc6 11. Qh5 Nf6 12. Qh4 Qd4 13. Qg3 Nh5 14. Qe1 Bxc4
15. dxc4 Qxc4 16. Na3 Qxa4 17. b3 Qd4 18. c3 Qd3 19. Rf3 Qg6 20. Nb5 e4 21. Re3
f5 22. Ba3 Rf7 23. Ra2 Re8 24. g3 f4 25. gxf4 Nxf4 26. Rg3 Qh5 27. Bc1 Qxb5 28.
c4 Qe5 29. Bxf4 Rxf4 30. Kg1 Nd4 31. Kh1 e3 32. Qg1 1-0

[Event "AUTO-MASTER-995"]
[Site "http://www.queenalice.com/game.php?id=704558"]
[Date "2009.12.27"]
[Round "1"]
[White "spif"]
[Black "jartuga99"]
[Result "1-0"]
[WhiteElo "1984"]
[BlackElo "2046"]

1. e4 c5 2. Nf3 Nc6 3. Bb5 d6 4. O-O Bd7 5. c3 Nf6 6. Re1 e5 7. d4 cxd4 8. cxd4
Be7 9. Bxc6 Bxc6 10. dxe5 Nxe4 11. exd6 Bxd6 12. Qd4 Qe7 13. Nc3 Rd8 14. Qxg7
Kd7 15. Qg4+ Kc7 16. Nxe4 Rhg8 17. Qf5 1-0

[Event "AUTO-MASTER-995"]
[Site "http://www.queenalice.com/game.php?id=704567"]
[Date "2009.12.27"]
[Round "1"]
[White "paloberto"]
[Black "spif"]
[Result "0-1"]
[WhiteElo "1913"]
[BlackElo "2027"]

1. g3 d5 2. Bg2 Nf6 3. d4 c6 4. Nf3 Bf5 5. Nc3 g6 6. O-O Bg7 7. Re1 O-O 8. Bf4
Nbd7 9. Nh4 Be6 10. b4 a5 11. a3 Nh5 12. Be3 Nb6 13. Rb1 Nc4 14. Qc1 axb4 15.
axb4 Ra3 16. Rb3 Rxb3 17. cxb3 Nxe3 18. Qxe3 Qb6 19. Na2 Bxd4 20. Qf3 Ra8 21. e3
Rxa2 22. exd4 Qxd4 23. b5 Qb4 24. bxc6 Qxe1+ 25. Bf1 bxc6 26. Kg2 Bg4 0-1

[Event "AUTO-MASTER-995"]
[Site "http://www.queenalice.com/game.php?id=704568"]
[Date "2009.12.27"]
[Round "1"]
[White "spif"]
[Black "paloberto"]
[Result "0-1"]
[WhiteElo "1971"]
[BlackElo "1902"]

1. e4 c5 2. Nf3 Nc6 3. d4 cxd4 4. Nxd4 Nf6 5. Nc3 e6 6. Ndb5 d6 7. Bf4 e5 8. Bg5
a6 9. Na3 Be7 10. Nc4 O-O 11. Bxf6 Bxf6 12. Qxd6 Nd4 13. O-O-O Qxd6 14. Nxd6 b5
15. Nd5 Bg5+ 16. f4 Bg4 17. fxg5 Bxd1 18. Kxd1 Rad8 19. Nb7 Rd7 20. Nc5 Rd6 21.
h4 Rc8 22. Ne7+ Kf8 23. Nxc8 Rd8 24. Nb6 Nb3+ 25. Ncd7+ Ke7 26. axb3 f6 27.
gxf6+ gxf6 28. Be2 Rg8 29. Nd5+ Ke6 0-1

[Event "Challenge"]
[Site "http://www.queenalice.com/game.php?id=717319"]
[Date "2010.1.20"]
[Round "-"]
[White "spif"]
[Black "KLEOJ"]
[Result "1-0"]
[WhiteElo "2007"]
[BlackElo "2097"]

1. Nf3 d5 2. d4 Nc6 3. g3 Bg4 4. Bg2 e6 5. O-O Nf6 6. Ne5 Nxe5 7. dxe5 Nd7 8. c4
c6 9. h3 Bh5 10. cxd5 cxd5 11. g4 Bg6 12. Qb3 b6 13. Qa4 Be7 14. e4 dxe4 15. Nc3
O-O 16. Rd1 Qc7 17. Rxd7 Qc5 18. Be3 Qb4 19. Qxb4 Bxb4 20. Nxe4 Bxe4 21. Bxe4
Rfd8 22. Rad1 Rxd7 23. Rxd7 Rc8 24. Rxa7 Bc5 25. Bxc5 bxc5 26. a4 g6 27. Ra8 1-0

[Event "Let's Play Chess!"]
[Site "http://www.queenalice.com/game.php?id=720812"]
[Date "2010.1.26"]
[Round "-"]
[White "Miras"]
[Black "spif"]
[Result "1-0"]
[WhiteElo "2118"]
[BlackElo "2044"]

1. e4 e5 2. Nf3 Nc6 3. Bb5 a6 4. Ba4 d6 5. O-O Nf6 6. c3 Bd7 7. d4 Be7 8. d5 Na7
9. Bxd7+ Qxd7 10. Qd3 c6 11. c4 O-O 12. Bg5 cxd5 13. cxd5 Rfc8 14. Nc3 Nb5 15.
Ne2 Ng4 16. Bd2 Rab8 17. h3 Nf6 18. Ng3 Kh8 19. Rfd1 Nc7 20. Rac1 g6 21. Rc2 Qb5
22. Qa3 Na8 23. Rxc8+ Rxc8 24. Nxe5 Kg7 25. Nf3 Rc4 26. b3 1-0